1983 1874 1593 1168 1169 1313 1336 1337 1120 1788 1875 1169 1400 1177 1950 1865 1298 1144 1863 1805 1149 1833 1750 1097 1921 1797 1000 1228 1895 1040 1800 1776 1643 1990 1233 1538 1914 1868 1540 1533 1850 1257 1296 1249 1890 1033 1195 1789 1730 1345 1572 1346 1253 1148 1178 1254 1010 1877 1997 1496 1416 1576 1340 1451 1142 1033 1679 1199 1593 1726 1027 1798 1492 1343 1802 1375 1370 1830 1315 1780 1077 1171 1192 1689 1717 1556 1396 1781 1028 1377 1965 1048 1702 1043 1159 1475 1636 1994 1015 BCNSPRNW ULIB Ver.6.0+V

เปลี่ยนเป็นภาษาไทย

Change to English
 แสดงรายละเอียดบรรณานุกรม
  กลับหน้าหลัก

Brief Record : Get Marc (ISO 2709) : E-mail record : QR code < ปิดหน้าต่าง
LEADER : 00000nam 2200000uu 4500
001    13399109236
003     ULIB
008    110324s2551||||th 000 0 tha d
020    9743234128
060 04 WA540^bส138บ 2551
100 0  สงวน นิตยารัมภ์พงศ์
245 10 บนเส้นทางสู่หลักประกันสุขภาพถ้วนหน้า /^cสงวนนิตยารัมภ์พงศ์
250    พิมพ์ครั้งที่ 3
260    กรุงเทพฯ :^bสพิจิตร,^c2551
300    138 หน้า ;^c22 ซม.
440  0 ชุดวิชาการ
650  7 นโยบายสาธารณสุข^zไทย
650  7 ประกันสุขภาพ^zไทย
945    ^p0^l0^i023189
945    ^p0^l0^i023190
945    ^p0^l0^i020690
995    ทศพร
999 ^a ใช้งานได้ทุกระบบ
รายการนี้ยังไม่มีแท็ก
คุณยังไม่ได้ล็อกอิน คุณสามารถมีกิจกรรมร่วมกับเว็บไซต์ได้ แต่ต้องล็อกอินก่อน ::
  ล็อกอิน

รายการสื่อสารสนเทศ

ลำดับที่ ประเภท เลขเรียก/บาร์โค้ด สถานที่ สถานะ
- ไม่พบข้อมูล -

รายการใกล้เคียง
    ผู้แต่ง [สงวน นิตยารัมภ์พงศ์]

BibComment


ยังไม่เคยถูกคอมเมนท์

คอมเมนท์ทรัพยากรรายการนี้
  คอมเมนท์: บนเส้นทางสู่หลักป..


 Copyright 2026. Bcnsprnw @Library